|
|
|
|
| LEADER |
00000nam0a2200000 4500 |
| 001 |
161199 |
| 005 |
20231031155832.0 |
| 010 |
|
|
|a 5713305465
|
| 020 |
|
|
|a RU
|b 92-34080
|
| 035 |
|
|
|a (RuTPU)RU\TPU\book\174812
|
| 090 |
|
|
|a 161199
|
| 100 |
|
|
|a 20090604d1992 m y0rusy5003 ca
|
| 101 |
1 |
|
|a rus
|c swe
|
| 102 |
|
|
|a RU
|
| 105 |
|
|
|a y z 000ay
|
| 200 |
1 |
|
|a Красная лилия
|e пер. со швед.
|f Я. Мортенсон
|
| 210 |
|
|
|a Москва
|c Международные отношения
|d 1992
|
| 215 |
|
|
|a 186,[2] с.
|
| 333 |
|
|
|a Исключено из фонда НТБ ТПУ
|
| 700 |
|
1 |
|a Мортенсон
|b Я.
|g Ян
|
| 801 |
|
0 |
|a RU
|b RuMRKP
|c 19950417
|g psbo
|
| 801 |
|
1 |
|a RU
|b 63413507
|c 20090604
|g PSBO
|
| 801 |
|
2 |
|a RU
|b 63413507
|c 20220602
|g PSBO
|
| 942 |
|
|
|c BK
|